[Event "EU-ch Blitz (Women)"]
[Site "Monaco"]
[Date "2024.01.12"]
[Round "10"]
[White "Zvereva, Marija"]
[Black "Zimina, Olga"]
[Result "0-1"]
[WhiteElo "2049"]
[BlackElo "2291"]
[PlyCount "62"]
[EventDate "2024.01.12"]
[EventType "swiss (blitz)"]
[EventRounds "13"]
[EventCountry "MNC"]
[SourceTitle "CB03_2024"]
[SourceDate "2024.01.17"]
[SourceVersion "1"]
[SourceVersionDate "2024.01.17"]
[SourceQuality "1"]

1. e4 e5 2. f4 exf4 3. Bc4 Ne7 4. Nc3 c6 5. Bb3 d5 6. d3 dxe4 7. Nxe4 Ng6 8. Qf3 Bb4+ 9. c3 Be7 10. Bxf4 Nxf4 11. Qxf4 0-0 12. 0-0-0 Kh8 13. Nf3 a5 14. a3 a4 15. Bc2 f5 16. Neg5 h6 17. h4 Bd6 18. Ne5 Bxe5 19. Qxe5 Nd7 20. Qf4 Nc5 21. d4 Nb3+ 22. Kb1 b5 23. Qf3 Qf6 24. Qh5 Be6 25. g4 Bd5 26. Rh2 fxg4 27. Nh7 Qf7 28. Qe5 Rfe8 29. Qg3 Qf3 30. Qc7 Be4 31. Ng5 Qxd1+ 0-1

[Event "Rome La Regina op 3rd"]
[Site "Rome"]
[Date "2023.07.30"]
[Round "4"]
[White "Zimina, Olga"]
[Black "Centamore, Alberto"]
[Result "1-0"]
[WhiteElo "2282"]
[BlackElo "2076"]
[PlyCount "75"]
[EventDate "2023.07.28"]
[EventType "swiss"]
[EventRounds "5"]
[EventCountry "ITA"]
[SourceTitle "CBM 215 Extra"]
[Source "ChessBase"]
[SourceDate "2023.09.30"]
[SourceVersion "1"]
[SourceVersionDate "2023.09.30"]
[SourceQuality "1"]

1. d4 d5 2. Nf3 e6 3. g3 b5 4. e3 c6 5. Ne5 Nf6 6. Bd3 Be7 7. Nd2 a5 8. 0-0 Qb6 9. a4 b4 10. c4 Ba6 11. b3 Nbd7 12. Bb2 Nxe5 13. dxe5 Nd7 14. Rc1 Rd8 15. Qg4 g6 16. Rfd1 h5 17. Qh3 g5 18. Qf1 Qb8 19. f4 g4 20. cxd5 Bxd3 21. Qxd3 cxd5 22. Bd4 Rc8 23. f5 Rxc1 24. Rxc1 Nxe5 25. Qb5+ Qxb5 26. axb5 Bf6 27. b6 0-0 28. b7 Nd7 29. Bxf6 Nxf6 30. Rc8 Nd7 31. f6 e5 32. e4 d4 33. Kf2 Nb8 34. Ke2 Na6 35. Kd3 Nb8 36. Kc4 Nd7 37. Kb5 Nb8 38. Kxa5 1-0

[Event "EU-ch Rapid"]
[Site "Katowice"]
[Date "2022.12.18"]
[Round "7"]
[White "Zimina, Olga"]
[Black "Abdrlauf, Elham"]
[Result "0-1"]
[WhiteElo "2295"]
[BlackElo "2518"]
[PlyCount "164"]
[EventDate "2022.12.17"]
[EventType "swiss (rapid)"]
[EventRounds "11"]
[EventCountry "POL"]
[SourceTitle "CBM 211 Extra"]
[Source "ChessBase"]
[SourceDate "2023.01.31"]
[SourceVersion "1"]
[SourceVersionDate "2023.01.31"]
[SourceQuality "1"]

1. d4 Nf6 2. Nf3 b6 3. g3 Bb7 4. Bg2 e6 5. c4 Bb4+ 6. Bd2 Be7 7. Bc3 0-0 8. 0-0 d5 9. Ne5 c5 10. cxd5 Bxd5 11. dxc5 Bxg2 12. Kxg2 Bxc5 13. b4 Bd6 14. a3 Qc7 15. Nf3 Nbd7 16. Qb3 Rac8 17. Rc1 Qb7 18. Nbd2 b5 19. Kg1 e5 20. Bb2 h6 21. Nf1 Rfe8 22. Ne3 Qe4 23. Rd1 Bf8 24. Rac1 a6 25. Nd2 Qa8 26. Nf3 Rxc1 27. Rxc1 a5 28. bxa5 Qxa5 29. Rd1 Qa4 30. Qc3 Ra8 31. Nxe5 Nxe5 32. Qxe5 Ng4 33. Qd4 Nxe3 34. fxe3 Qc2 35. Rd2 Qg6 36. Qd3 Qe6 37. Kg2 Re8 38. Kf2 Qh3 39. Kg1 Qe6 40. Kf2 Rc8 41. Kg2 Rc5 42. Qd4 Qc6+ 43. e4 Qe6 44. Qd3 h5 45. Qf3 h4 46. gxh4 Qg6+ 47. Kh3 Qe6+ 48. Qg4 Qb3+ 49. Qf3 Qe6+ 50. Qg4 f5 51. Qg3 fxe4+ 52. Qg4 Qf7 53. Rd7 Qf1+ 54. Qg2 Qxg2+ 55. Kxg2 Rc2 56. Be5 Rxe2+ 57. Kg3 Ra2 58. Kf4 Rxa3 59. Kxe4 Ra4+ 60. Bd4 Ra2 61. Be5 Re2+ 62. Kf5 b4 63. Rb7 Kh7 64. Rb8 Rf2+ 65. Kg4 Rf7 66. h5 Bc5 67. Rb5 Bf8 68. Rb8 Rf1 69. Rb7 Rf2 70. Bf4 Kg8 71. Be5 Rf7 72. Rb8 Kh7 73. h3 Rf1 74. Rb7 Rg1+ 75. Kf5 Rb1 76. Rb8 b3 77. Kg4 Ba3 78. Rb7 Bf8 79. Rb8 Kg8 80. Bd6 b2 81. Rxf8+ Kh7 82. Rb8 Rg1+ 0-1

[Event "EU-ch Rapid"]
[Site "Katowice"]
[Date "2022.12.18"]
[Round "9"]
[White "Zimina, Olga"]
[Black "Moroni, Luca Jr"]
[Result "0-1"]
[WhiteElo "2295"]
[BlackElo "2576"]
[PlyCount "50"]
[EventDate "2022.12.17"]
[EventType "swiss (rapid)"]
[EventRounds "11"]
[EventCountry "POL"]
[SourceTitle "CBM 211 Extra"]
[Source "ChessBase"]
[SourceDate "2023.01.31"]
[SourceVersion "1"]
[SourceVersionDate "2023.01.31"]
[SourceQuality "1"]

1. d4 g6 2. Nf3 Bg7 3. e4 d6 4. Nc3 a6 5. Be3 b5 6. a4 b4 7. Ne2 Bb7 8. Ng3 h5 9. h4 Nf6 10. Bd3 Ng4 11. Bg5 c5 12. c3 cxd4 13. cxd4 Nc6 14. Ne2 0-0 15. 0-0 Re8 16. Rc1 Qb6 17. Bb1 a5 18. Bd3 Nxd4 19. Nexd4 Bxd4 20. Nxd4 Qxd4 21. Qe2 Rac8 22. g3 Rxc1 23. Rxc1 Nxf2 24. Qxf2 Qxd3 25. Rf1 f6 0-1

[Event "ITA-ch (Women) 81st"]
[Site "Cagliari"]
[Date "2022.11.22"]
[Round "6"]
[White "Zimina, Olga"]
[Black "Brunello, Marina"]
[Result "1-0"]
[WhiteElo "2283"]
[BlackElo "2337"]
[PlyCount "79"]
[EventDate "2022.11.17"]
[EventType "tourn"]
[EventRounds "7"]
[EventCountry "ITA"]
[SourceTitle "CBM 211 Extra"]
[Source "ChessBase"]
[SourceDate "2023.01.31"]
[SourceVersion "1"]
[SourceVersionDate "2023.01.31"]
[SourceQuality "1"]

1. d4 Nf6 2. Nf3 e6 3. g3 c5 4. Bg2 cxd4 5. Nxd4 d5 6. 0-0 e5 7. Nb3 Be7 8. Bg5 Be6 9. c4 d4 10. Bxb7 Nbd7 11. N1d2 Rb8 12. Bxf6 Rxb7 13. Bxe7 Qxe7 14. Re1 Nf6 15. e3 d3 16. e4 Rd7 17. c5 h5 18. c6 Rc7 19. Nf1 h4 20. Qxd3 hxg3 21. hxg3 Rxc6 22. Rac1 Rb6 23. Ne3 0-0 24. Nf5 Bxf5 25. exf5 e4 26. Qd4 Re8 27. Qc5 Qb7 28. Na5 Qa6 29. Nc6 Qxa2 30. Ne7+ Kh8 31. Kg2 Qb3 32. Rh1+ Nh7 33. Rc3 Qa4 34. g4 e3 35. Rc4 Qd7 36. g5 Qb7+ 37. f3 Rxb2+ 38. Kg3 Qb8+ 39. Qc7 Rb4 40. Qxb8 1-0

[Event "ITA-ch (Women) 81st"]
[Site "Cagliari"]
[Date "2022.11.21"]
[Round "5"]
[White "Raccanello, Marianna"]
[Black "Zimina, Olga"]
[Result "0-1"]
[WhiteElo "2062"]
[BlackElo "2283"]
[PlyCount "88"]
[EventDate "2022.11.17"]
[EventType "tourn"]
[EventRounds "7"]
[EventCountry "ITA"]
[SourceTitle "CBM 211 Extra"]
[Source "ChessBase"]
[SourceDate "2023.01.31"]
[SourceVersion "1"]
[SourceVersionDate "2023.01.31"]
[SourceQuality "1"]

1. e4 e5 2. Nf3 Nc6 3. Bc4 Nf6 4. d3 h6 5. 0-0 d6 6. c3 g5 7. Nbd2 Bg7 8. Bb3 a5 9. a4 Nh5 10. Nc4 Nf4 11. Ne3 Qf6 12. Nd5 Nxd5 13. exd5 Ne7 14. Nd2 Qg6 15. Qe2 Bf5 16. Ne4 0-0 17. Bd2 Bd7 18. f3 f5 19. Nf2 Qf7 20. c4 Ng6 21. Bc3 b6 22. Qd2 Nf4 23. Rae1 Rae8 24. Bc2 Bf6 25. g3 Ng6 26. d4 Qg7 27. b3 exd4 28. Ba1 Re3 29. Nd1 Rxe1 30. Rxe1 Ne5 31. Rf1 c5 32. Nb2 g4 33. f4 Nf3+ 34. Rxf3 gxf3 35. Nd3 Qe7 36. Bd1 Re8 37. Bb2 Qe3+ 38. Qxe3 Rxe3 39. Bc2 Re2 40. Bb1 h5 41. Bc1 h4 42. Kf1 Rxh2 43. Ne1 Rh1+ 44. Kf2 hxg3+ 0-1

[Event "EU-ch (Women) 22nd"]
[Site "Prague"]
[Date "2022.08.27"]
[Round "7"]
[White "Butenandt, Svenja"]
[Black "Zimina, Olga"]
[Result "1/2-1/2"]
[WhiteElo "2032"]
[BlackElo "2340"]
[PlyCount "134"]
[EventDate "2022.08.20"]
[EventType "swiss"]
[EventRounds "11"]
[EventCountry "CZE"]
[SourceTitle "CBM 209 Extra"]
[Source "ChessBase"]
[SourceDate "2022.09.30"]
[SourceVersion "1"]
[SourceVersionDate "2022.09.30"]
[SourceQuality "1"]

1. d4 d5 2. c4 c6 3. Nc3 Nf6 4. Nf3 a6 5. c5 g6 6. Bf4 Nh5 7. Bd2 Bg7 8. e3 0-0 9. Be2 Nf6 10. 0-0 Ne4 11. b4 Nd7 12. a4 a5 13. Qb3 Nxd2 14. Nxd2 e5 15. Nf3 axb4 16. Qxb4 Qa5 17. Qxa5 Rxa5 18. Ra3 Re8 19. Re1 exd4 20. exd4 Nf8 21. Rd1 Ne6 22. Bf1 Nf4 23. h3 Bf6 24. Kh2 g5 25. g3 Ne6 26. Ne2 h5 27. Nc1 g4 28. Nb3 Ra8 29. Ng1 Ng5 30. h4 Ne4 31. Re1 Bf5 32. Kg2 Nc3 33. Rxe8+ Rxe8 34. a5 Re1 35. a6 bxa6 36. Bxa6 Be4+ 37. f3 gxf3+ 38. Nxf3 Nb1 39. Kf2 Bxf3 40. Ra1 Rh1 41. Kxf3 Nd2+ 42. Kg2 Rxa1 43. Nxa1 Bxd4 44. Nc2 Bxc5 45. Bb7 Ne4 46. Bxc6 Nf6 47. Kf3 Kf8 48. Ne1 Ke7 49. Nd3 Kd6 50. Ba4 Bd4 51. Kf4 Ke6 52. Bd1 Bb6 53. Be2 Bc7+ 54. Kf3 Kf5 55. Bf1 Ne4 56. Bh3+ Kg6 57. Nf4+ Bxf4 58. Kxf4 Nc3 59. g4 d4 60. g5 Nd1 61. Bf5+ Kg7 62. Ke5 Ne3 63. Be4 d3 64. Bxd3 Ng2 65. Be2 Nxh4 66. Bxh5 Ng6+ 67. Bxg6 Kxg6 1/2-1/2